000 00279nam a22001097a 4500
999 _c4094
_d4094
008 250117b ||||| |||| 00| 0 eng d
020 _aENES02SBE1
082 _a821.914
100 _aSUE BEHRENT
_eBEHRENT,SUE
245 _aLITTLE MONSTER
942 _2ddc
_h821.914